El caballo y su sombra /
Guardat en:
| Autor principal: | |
|---|---|
| Format: | Llibre |
| Idioma: | espanyol |
| Publicat: |
Buenos Aires, Argentina :
Losada,
1943, c1943
|
| Col·lecció: | (Biblioteca Contemporánea ;
120) |
| Matèries: | |
| Etiquetes: |
Sense etiquetes, Sigues el primer a etiquetar aquest registre!
|
MARC
| LEADER | 00000nam^a2200000^a^4500 | ||
|---|---|---|---|
| 001 | 000100479 | ||
| 005 | 20250521000000.0 | ||
| 009 | 20260310093204.11 | ||
| 037 | |a Acervo ITESO - Biblioteca | ||
| 041 | |a ESP | ||
| 082 | |a 863. |b AMO | ||
| 100 | |a Amorím, Enrique |e (autor) | ||
| 245 | 1 | 3 | |a El caballo y su sombra / |c E. Amorím. |
| 264 | 4 | |a Buenos Aires, Argentina : |b Losada, |c 1943, c1943 | |
| 300 | |a 180 p. | ||
| 336 | |a texto |b txt |2 rdacontenido | ||
| 337 | |a sin mediación |b n |2 rdamedio | ||
| 338 | |a volumen |b nc |2 rdasoporte | ||
| 440 | 1 | |a (Biblioteca Contemporánea ; |v 120) | |
| 545 | 0 | |a Enrique Amorím, escritor uruguayo nacido en 1900 y muerto en 1960. Su obra cubre prácticamente todos los géneros literarios. Reconocido como uno de los grandes clásicos latinoamericanos de la primera mitad del siglo XX, con obras como El caballo y su sombra, El paisano Aguilar, Corral abierto, La carreta, El asesino desvelado, Nueve lunas sobre Neuquén, Temas de amor, Eva Burgos, entre otras. | |
| 649 | |a XX | ||
| 650 | |a Novela Argentina | ||
| 650 | |a Literatura Argentina - |y Siglo XX | ||
| 910 | |a Fondo Jesús Rodríguez | ||
| 920 | |a Impresos - Libros | ||
| 930 | |a Fondos Especiales | ||
| 940 | |a Literatura | ||
| 905 | |a 113 | ||
| 901 | |a 0500036348 |b IT2 |c ESP |u 20250521 | ||
| 902 | |a https://opac.biblio.iteso.mx/vufind/Record/000100479 | ||